000 00400nam a2200145 i 4500
001 bg
100 1 _aSUSZEK, Mieczysław
245 0 _aKoszty magazynów przechowujących jednostki ładunkowe /
_cMieczysław Suszek, Stanisław Pawlak.
260 _aWarszawa,
_c1975.
700 1 _aPAWLAK, Stanisław
040 _cBPK
041 _apol
942 _cKS
008 s pl f |000 0 pol
999 _c18957
_d18957
856 _uhttp://koha.tu.koszalin.pl/cgi-bin/koha/opac-detail.pl?biblionumber=18957
_yKatalog online BPK